| 000 | 00786nam a2200169 i 4500 | ||
|---|---|---|---|
| 001 | 172990 | ||
| 003 | ES-MaACL | ||
| 005 | 20230906215110.0 | ||
| 008 | 091002s1868 sp |||| | spa d | ||
| 080 | _a821.134.2-2"18" | ||
| 100 | 1 |
_aCansinos, Manuel. _9141431 |
|
| 245 | 1 | 3 |
_aEl martir del honor _b: drama en seis actos / _carreglado á la escena española por Manuel Cansinos y Martínez. |
| 260 |
_aBarcelona : _b[s.n.], _c1868 ( _fEst. tip. de Jaime Jepús) |
||
| 300 |
_a64 p. ; _c18 cm. |
||
| 500 | _aEn port.: Representado por primera vez... en el teatro Romea de Barcelona en la noche del 15 de diciembre de 1867. | ||
| 852 |
_aES-MaACL _jF-8602(1) _q.- Falto de la cub. original _q.- Enc. en vol. facticio formando parte de la col. facticia "Teatro español moderno", vol. 55 |
||
| 999 |
_c172990 _d172990 |
||